000
00309nam a2200157Ia 4500
100
_a
Ramadorai/S
650
_a
TCS
942
_c
BK
366
_f
20
245
_a
The TCS story and beyond
260
_b
Penguin Books
_c
2011
082
_a
808.83
_b
RAM
300
_a
287
546
_a
ENGLISH
999
_c
24240
_d
24240